000 01126nam a22003257a 4500
003 CHAP
005 20220329133423.0
008 971013s1992 r 00010 d
010 _a6186
011 _a7158
035 _a6381
040 _cCHAP
090 _aTesis
100 0 0 _aAvendaño Aguilar, Salvador Alberto.
_98560
245 _aElaboración del plan de riegos para el sistema de riego "El Doctor" de los municipios de S. J. Los Cues y Sta. Ma. Tecomavaca, Oaxaca
260 _aChapingo, Méx. :
_bEl autor,
_c1992
300 _a77 h.
_b; gráfs.
500 _a61-77
502 _aTesis (Ing. Agr. Esp. en Fitotecnia) -- UACH. Departamento de Fitotecnia
590 _aALEPH
_b10
_c20130110
_lUCH01
_h1217
590 _aBATCH-UPD
_b10
_c20130110
_lUCH01
_h2000
590 _aBATCH-UPD
_b10
_c20130410
_lUCH01
_h1320
590 _aBATCH-UPD
_b10
_c20130914
_lUCH01
_h0817
590 _aCONVERSION
_b10
_c20130109
_lUCH01
_h1304
650 1 4 _aCalendario para irrigación.
_917464
650 1 4 _aIrrigación
_xProyectos
_xOaxaca.
_960465
901 _aBK
942 _cTESIS
949 _bBC
_cTES
_d-15982
_eTS1
_h25287
_i6381
_si
999 _c6186
_d6186